Types of Bread Quiz Stats

Quiz Updated Nov 1, 2014

Challenge
Share
Tweet
Score 0/16 Timer 06:00
0 Plays Today
Bread % Correct
Bagel
98%
Baguette
93.5%
Pita Bread
91.8%
White Bread
90.4%
English Muffin
88.5%
Whole Wheat
87.6%
Scone
86.6%
Tortilla
83.2%
Bread % Correct
Rye Bread
71.9%
Pumpernickel
64.3%
Naan Bread
62.1%
Challah
49.7%
Ciabatta
46.8%
Matzo
44.5%
Focaccia
38%
Crumpet
37.3%

You're not logged in!

Compare scores with friends on all Sporcle quizzes.
Sign Up with Email
OR
Log In

You Might Also Like...

Show Comments

Extras

Top Quizzes Today


Score Distribution

Your Account Isn't Verified!

In order to create a playlist on Sporcle, you need to verify the email address you used during registration. Go to your Sporcle Settings to finish the process.